Hamlet / (Record no. 98873)
[ view plain ]
| 000 -LEADER | |
|---|---|
| fixed length control field | 01255nam a22002897i 4500 |
| 003 - CONTROL NUMBER IDENTIFIER | |
| control field | URS |
| 005 - DATE AND TIME OF LATEST TRANSACTION | |
| control field | 20260224134828.0 |
| 008 - FIXED-LENGTH DATA ELEMENTS--GENERAL INFORMATION | |
| fixed length control field | 180703s2015 -uk||||| |||| 00| 0 eng d |
| 040 ## - CATALOGING SOURCE | |
| Description conventions | rda |
| Transcribing agency | urs |
| Language of cataloging | eng |
| Modifying agency | URS |
| 050 14 - LIBRARY OF CONGRESS CALL NUMBER | |
| Classification number | PR 2807 |
| Item number | .A1 2015 |
| 100 1# - MAIN ENTRY--PERSONAL NAME | |
| Personal name | Shakespeare, William, |
| Dates associated with a name | 1564-1616 |
| 240 ## - UNIFORM TITLE | |
| Uniform title | Hamlet. English |
| 245 10 - TITLE STATEMENT | |
| Title | Hamlet / |
| Statement of responsibility, etc. | William Shakespeare ; edited with a commentary by T. J. B. Spencer ; introduced by Alan Sinfield ; the play performance by Paul Prescott. |
| 264 #1 - PRODUCTION, PUBLICATION, DISTRIBUTION, MANUFACTURE, AND COPYRIGHT NOTICE | |
| Place of production, publication, distribution, manufacture | UK : |
| Name of producer, publisher, distributor, manufacturer | Penguin Classics, |
| Date of production, publication, distribution, manufacture, or copyright notice | 2015 |
| 300 ## - PHYSICAL DESCRIPTION | |
| Extent | lxxx, 320 pages ; |
| Dimensions | 20 cm |
| 336 ## - CONTENT TYPE | |
| Source | rdacontent |
| Content type term | text |
| 337 ## - MEDIA TYPE | |
| Source | rdamedia |
| Media type term | unmediated |
| 338 ## - CARRIER TYPE | |
| Source | rdacarrier |
| Carrier type term | volume |
| 505 ## - FORMATTED CONTENTS NOTE | |
| Formatted contents note | General introduction -- The chronology of Shakespeare's works -- Introduction -- The play in performance -- Further reading -- Hamlet -- An account of the text -- Commentary. |
| 524 ## - PREFERRED CITATION OF DESCRIBED MATERIALS NOTE | |
| Preferred citation of described materials note | Shakespeare, W. (2015). Hamlet. UK: Penguin Classics. |
| 600 10 - SUBJECT ADDED ENTRY--PERSONAL NAME | |
| Personal name | Shakespeare, William, |
| Dates associated with a name | 1564-1616. |
| Title of a work | Hamlet |
| 650 #0 - SUBJECT ADDED ENTRY--TOPICAL TERM | |
| Topical term or geographic name entry element | English literature |
| Chronological subdivision | Early modern, 1500-1700 |
| 700 1# - ADDED ENTRY--PERSONAL NAME | |
| Personal name | Spencer, T. J. B. |
| Dates associated with a name | 1915-1978 |
| Relator term | editor |
| Fuller form of name | (Terence John Bew), |
| 700 1# - ADDED ENTRY--PERSONAL NAME | |
| Personal name | Sinfield, Alan |
| Relator term | author of introduction |
| 700 1# - ADDED ENTRY--PERSONAL NAME | |
| Personal name | Prescott, Paul |
| Relator term | author of The play performance |
| 942 ## - ADDED ENTRY ELEMENTS (KOHA) | |
| Source of classification or shelving scheme | Library of Congress Classification |
| Koha item type | Reserved Books |
No items available.